000 00539nam a2200193Ia 4500
005 20250508152706.0
008 008 250505s9999 xx 000 0 eng d
037 _aTextual
040 _aFEDL
_beng
_cFEDL
041 _aeng
_2eng
084 _a301.2013, SPA
_qFEDL
100 _aSpates Thomas C.
_9762156
245 0 _aHuman values where people work
260 _aNew York, USA
_bHarper and Brothers
_c1960
300 _ax,246p.
650 _aSociology
942 _cTEXL
_h301.2013, SPA
999 _c1338088
_d1338088